000 00375nam a2200145Ia 4500
008 231129s2006||||xx |||||||||||||| ||spa||
020 _a958-8269-20-2
040 _bspa
082 _aCo861 ó75c
100 _aOrozco Ramiréz Jose Jesús
245 0 _aCamino de pueblo viejo
260 _c2006
264 _aKinesis
942 _2ddc
_cBKS
999 _c6527
_d6527